Romance (Record no. 6291)
[ view plain ]
| 000 -LEADER | |
|---|---|
| campo de control de longitud fija | 01088nam a2200253 i 4500 |
| 001 - NÚMERO DE CONTROL | |
| campo de control | 6291 |
| 003 - IDENTIFICADOR DE NÚMERO DE CONTROL | |
| campo de control | ES-MaACL |
| 005 - FECHA Y HORA DE LA ÚLTIMA TRANSACCIÓN | |
| campo de control | 20250819061545.0 |
| 007 - CAMPO FIJO DE DESCRIPCIÓN FÍSICA--INFORMACIÓN GENERAL | |
| campo de control de longitud fija | t| |
| 008 - DATOS DE LONGITUD FIJA--INFORMACIÓN GENERAL | |
| campo de control de longitud fija | 890920s1974 lh |||| | spa d |
| 080 ## - NÚMERO DE LA CLASIFICACIÓN DECIMAL UNIVERSAL | |
| Número de la Clasificación Decimal Universal | 05(72) |
| 080 ## - NÚMERO DE LA CLASIFICACIÓN DECIMAL UNIVERSAL | |
| Número de la Clasificación Decimal Universal | 8(05)(725.2) |
| 245 00 - MENCIÓN DEL TÍTULO | |
| Título | Romance |
| Resto del título | : revista popular hispanoamericana : México, 1 de febrero 1940-31 de mayo 1941 : números 1-24 / |
| Mención de responsabilidad, etc. | introducción de Antonio Sánchez-Barbudo ; índice general y de autores preparado por Francisco Caudet. |
| 260 ## - PUBLICACIÓN, DISTRIBUCIÓN, ETC. | |
| Lugar de publicación, distribución, etc. | Nendeln, Liechtenstein : |
| Nombre del editor, distribuidor, etc. | Detlev Auvermann, |
| Fecha de publicación, distribución, etc. | 1974. |
| 300 ## - DESCRIPCIÓN FÍSICA | |
| Extensión | 1 v. (pag. var.) ; |
| Dimensiones | 48 cm. |
| 490 1# - MENCIÓN DE SERIE | |
| Mención de serie | Biblioteca del 36. Revistas en la Segunda República Española ; |
| Designación de volumen o secuencia | 2 |
| 534 ## - NOTA SOBRE LA VERSIÓN ORIGINAL | |
| Frase introductoria | Reprod. facs. de la revista mensual: |
| Encabezamiento principal del original | Romance, |
| Publicación, distribución, etc. del original | : Mexico D.F., 1940-1941. |
| 630 04 - PUNTO DE ACCESO ADICIONAL DE MATERIA--TÍTULO UNIFORME | |
| Título uniforme | Romance (México)- |
| Subdivisión de forma | Facsímiles. |
| 9 (RLIN) | 167888 |
| 700 1# - ENTRADA AGREGADA--NOMBRE PERSONAL | |
| Nombre de persona | Sánchez Barbudo, Antonio. |
| 9 (RLIN) | 102480 |
| 700 1# - ENTRADA AGREGADA--NOMBRE PERSONAL | |
| Nombre de persona | Caudet, Francisco, |
| Fechas asociadas al nombre | 1942-2021 |
| 9 (RLIN) | 37104 |
| 830 00 - PUNTO DE ACCESO ADICIONAL DE SERIE-TÍTULO UNIFORME | |
| Título uniforme | Biblioteca del 36. |
| Nombre de parte o sección de la obra | Revistas en la Segunda República española |
| Designación de volumen o secuencia | 2 |
| 9 (RLIN) | 177501 |
| 852 ## - LOCALIZACIÓN | |
| Ubicación | ES-MaACL |
| Número de control de estantería | B-8393 |
| Estatus retirado | Estado de pérdida | Estado de daño | No para préstamo | Biblioteca de origen | Biblioteca actual | Ubicación en estantería | Fecha de adquisición | Fuente de adquisición | Total de préstamos | Signatura topográfica completa | Código de barras | Visto por última vez | Precio de reemplazo | Tipo de ítem Koha |
|---|---|---|---|---|---|---|---|---|---|---|---|---|---|---|
| Biblioteca del Ateneo de Madrid | Biblioteca del Ateneo de Madrid | Sala Pardo Bazán | 17/01/2008 | B-8393 | 1006404 | 23/02/2023 | 23/02/2023 | Libro impreso |
